000 01343nam0a22002891 4500
001 rc\3712392
005 20260407104234.0
021 _aRU
_b[74-54007]
035 _a(NLR Aleph) 007858476
090 _a7795185
_c7795185
100 _a20130115d1974 |||y0rusy50 ca
101 0 _arus
102 _aRU
105 _aa z |||||
200 1 _aСвойства некоторых новых полупроводниковых материалов и приборов
_e[Сборник статей
_fРед. коллегия: акад., проф. С.И. Радауцан (гл. ред.) и др.]
_gМ-во нар. образования МССР. Кишинев. политехн. ин-т им. С. Лазо
210 _aКишинев
_cШтиинца
_d1974
215 _a82 с.
_cил.
_d21
320 _aСписки лит. в конце статей
606 _aПолупроводниковые приборы
_jСборники
_2psbo
606 _aПолупроводники
_jСборники
_2psbo
702 1 _aРадауцан
_bС.И.
_gСергей Иванович
_4340
712 0 2 _aКишиневский политехнический институт им. С. Лазо
_3RU\NLR\AUTH\889933778
_9362627
801 0 _aRU
_bNLR
_gpsbo
801 1 _aRU
_bELAR
_2rusmarc
852 _aNLR
_j73-6/15013
942 _cBOOK
980 _aNB